Azja stolice - Statystyki

Ogólne statystyki
  • Ten quiz został rozwiązany 1 053 razy
  • Średni wynik to 29 z 50
Statystyki odpowiedzi
Hint Odpowiedź % Poprawnych
Chiny Pekin
90%
Japonia Tokio
87%
Rosja Moskwa
82%
Turcja Ankara
79%
Korea Południowa Seul
78%
Cypr Nikozja
76%
Izrael Jerozolima
75%
Azerbejdżan Baku
74%
Arabia saudyjska Rijad
72%
Singapur Singapur
72%
Afganistan Kabul
70%
Korea Północna Pjongjang
70%
Iran Teheran
70%
Zjednoczone Emiraty arabskie Abu zabi
67%
Tajlandia Bangkok
67%
Armenia Erywań
67%
Kazachstan Astana
66%
Gryzja Tbilisi
66%
Mongolia Ułan bator
65%
Indonezja Dżakarta
64%
Kuwejt Kuwejt
64%
Filipiny Manila
64%
Irak Bagdad
62%
Malediwy Male
62%
Syria Damaszek
61%
Wietnam Hanoi
60%
Bengladesz Dhaka
59%
Pakistan Islamabad
58%
Katar Doha
55%
Jordania Amman
54%
Jemen Sana
52%
Tajwan Tajpej
52%
Malezja Kuala lumpur
51%
Liban Bejrut
50%
Laos Wientia
50%
Nepal Katmandu
49%
Bahrajn Manama
49%
Kirgistan Biszkek
47%
Sri lanka Sri dzajawardanapurakotte
46%
Oman Maskat
44%
Timor wschodni Dili
43%
Turkmenistan Aszchabad
42%
Kambodża Phnom penh
42%
Bhutan Thimphu
40%
Uzbekistan Taszkent
38%
Tadżykistan Duszanbe
37%
Mjanma Naypyidaw
35%
Brunei Bandar seri begawan
34%
Indie Nowe deli
30%
Palestyna Ramallah
13%
Nie znaleziono quizów pasujących do podanych kryteriów
Rozkład punktacji
Procent ludzi z każdym wynikiem
Percentyl według liczby udzielonych odpowiedzi
Twoja historia wyników
Nie rozwiązałeś tego quizu